Statistics for Complete Discography #9 - Ariana Grande

Click here to take the quiz!

General Stats

  • This quiz has been taken 19 times
    (10 since last reset)
  • The average score is 140 of 171

Answer Stats

AlbumSong% Correct
Positions34+35
100%
Thank U, Next7 Rings
100%
Yours TrulyBaby I
100%
Dangerous WomanBad Decisions
100%
Dangerous WomanBe Alright
100%
Beauty and the Beast: Original Motion Picture SoundtrackBeauty And The Beast
100%
Queen (Nicki Minaj) [feature]Bed
100%
My EverythingBe My Baby
100%
My EverythingBest Mistake
100%
SweetenerBlazed
100%
Thank U, NextBloodline
100%
Everything Changed... (Social House) [feature]Boyfriend
100%
My EverythingBreak Free
100%
Thank U, NextBreak Up With Your Girlfriend, I'm Bored
100%
My EverythingBreak Your Heart Right Back
100%
SweetenerBreathin
100%
Eternal SunshineBye
100%
Bloom (Troye Sivan) [feature]Dance To This
100%
Dangerous WomanDangerous Woman
100%
Christmas & ChillDecember
100%
Charlie's AngelsDon't Call Me Angel
100%
Eternal SunshineDon't Wanna Break Up Again
100%
Eternal SunshineEternal Sunshine
100%
Dangerous WomanEveryday
100%
SweetenerEverytime
100%
Thank U, NextFake Smile
100%
SweetenerGet Well Soon
100%
Thank U, NextGhostin
100%
SweetenerGod Is A Woman
100%
SweetenerGoodnight N Go
100%
Yours TrulyHoneymoon Avenue
100%
Dangerous WomanI Don't Care
100%
Thank U, NextImagine
100%
Eternal SunshineImperfect For You
100%
Thank U, NextIn My Head
100%
Dangerous WomanInto You
100%
My EverythingIntro
100%
Eternal SunshineI Wish I Hated You
100%
PositionsJust Like Magic
100%
Dangerous WomanKnew Better/Forever Boy
100%
Dangerous WomanLeave Me Lonely
100%
Dangerous WomanLet Me Love You
100%
PositionsMain Thing
100%
Thank U, NextMake Up
100%
Dangerous WomanMoonlight
100%
PositionsMotive
100%
My EverythingMy Everything
100%
PositionsMy Hair
100%
Thank U, NextNASA
100%
PositionsNasty
100%
Thank U, NextNeedy
100%
SweetenerNo Tears Left To Cry
100%
PositionsObvious
100%
PositionsOff The Table
100%
My EverythingOnly 1
100%
Eternal SunshineOrdinary Things
100%
SweetenerPete Davidson
100%
Yours TrulyPiano
100%
PositionsPositions
100%
PositionsPOV
100%
My EverythingProblem
100%
9 (Cashmere Cat) [feature]Quit
100%
SweetenerR.E.M.
100%
Yours TrulyRight There
100%
PositionsSafety Net
100%
Eternal SunshineSaturn Returns Interlude
100%
PositionsShut Up
100%
PositionsSix Thirty
100%
Dangerous WomanSometimes
100%
SweetenerSuccessful
100%
Eternal SunshineSupernatural
100%
SweetenerSweetener
100%
Yours TrulyTattooed Heart
100%
PositionsTest Drive
100%
Thank U, NextThank U, Next
100%
Eternal SunshineThe Boy Is Mine
100%
SweetenerThe Light is Coming
100%
Dangerous WomanThinking Bout You
100%
Dangerous WomanTouch It
100%
Eternal SunshineTrue Story
100%
PositionsWest Side
100%
Eternal SunshineYes, And?
100%
Yours TrulyYou'll Never Know
100%
Single (Cashmere Cat) [feature]Adore
88%
Yours TrulyAlmost Is Never Enough
88%
Thank U, NextBad Idea
88%
My EverythingBang Bang
88%
Yours TrulyBetter Left Unsaid
88%
SweetenerBetter Off
88%
SweetenerBorderline
88%
Yours TrulyDaydreamin'
88%
Sing: Original Motion Picture SoundtrackFaith
88%
Dangerous WomanFocus
88%
The Pinkprint (Nicki Minaj) [feature]Get On Your Knees
88%
Victorious: Music from the Hit TV ShowGive It Up
88%
Dangerous WomanGreedy
88%
My EverythingHands On Me
88%
Charlie's AngelsHow I Look On You
88%
Planet Her (Doja Cat) [feature]I Don't Do Drugs
88%
Eternal SunshineIntro (End Of The World)
88%
Don't Look Up (Original Motion Picture Soundtrack)Just Look Up
88%
PositionsLove Language
88%
Yours TrulyLovin' It
88%
Dancing With the Devil... The Art of Starting Over (Demi Lovato) [feature]Met Him Last Night
88%
Thank U, NextMonopoly
88%
The Divine Feminine (Mac Miller) [feature]My Favorite Part
88%
My EverythingOne Last Time
88%
SinglePut Your Hearts Up
88%
SweetenerRaindrops (An Angel Cried)
88%
SingleRain On Me
88%
Rap or Go to the League (2 Chainz) [feature]Rule The World
88%
Dangerous WomanSide To Side
88%
PositionsSomeone Like U (Interlude)
88%
Dangerous WomanStep On Up
88%
SingleStuck With U
88%
Yours TrulyThe Way
88%
Eternal SunshineWe Can't Be Friends (Wait For Your Love)
88%
My EverythingWhy Try
88%
Christmas & ChillWinter Things
88%
PositionsWorst Behavior
88%
My EverythingYou Don't Know Me
88%
The Hunger Games: Mockingjay, Part 1 (soundtrack)All My Love
75%
Charlie's AngelsBad To You
75%
Single (Who Is Fancy) [feature]Boys Like You
75%
Charlie's AngelsGot Her Own
75%
Single (Jimmy Fallon) [feature]It Was a... (Masked Christmas)
75%
Dangerous WomanJason's Song (Gave It Away)
75%
My EverythingJust A Little Bit Of Your Heart
75%
My EverythingLove Me Harder
75%
Charlie's AngelsNobody
75%
Yours TrulyPopular Song
75%
When Christmas Comes Around... (Kelly Clarkson) [feature]Santa, Can't You Hear Me
75%
Christmas KissesSanta Tell Me
75%
Christmas KissesSnow In California
75%
Trolls: Original Motion Picture SoundtrackThey Don't Know
75%
3.15.20 (Childish Gambino) [feature]Time
75%
Christmas & ChillTrue Love
75%
We Love DisneyZero to Hero
75%
Single (Victoria Monét) [feature]Better Days
63%
Christmas KissesLove Is Everything
63%
Christmas & ChillNot Just On Christmas
63%
Christmas & ChillWit It This Christmas
63%
For the Girls (Kristin Chenoweth) [feature]You Don't Own Me
63%
Christmas: A Season of Love (Idina Menzel) [feature]A Hand For Mrs. Claus
50%
13 (Original Broadway Cast Recording)A Little More Homework
50%
Ultimate Duets (Arturo Sandoval) [feature]Arturo Sandoval
50%
My EverythingCadillac Song
50%
Cinema (Andrea Bocelli)E Più Ti Penso
50%
Funk Wav Bounces Vol. 1 (Calvin Harris) [feature]Heatstroke
50%
Hairspray Live! (soundtrack)Mama, I'm a Big Girl Now
50%
Hairspray Live! (soundtrack)You Can't Stop the Beat
50%
13 (Original Broadway Cast Recording)Brand New You
38%
Victorious 2.0: More Music from the Hit TV ShowL.A. Boyz
38%
My EverythingToo Close
38%
Hairspray Live! (soundtrack)Without Love
38%
13 (Original Broadway Cast Recording)13/Becoming A Man
25%
Hairspray Live! (soundtrack)Come So Far (Got So Far to Go)
25%
Everything Changed... (Social House)Haunt You
25%
13 (Original Broadway Cast Recording)It Can't Be True
25%
Single (Saturday Night Live Cast) [feature]This Is Not A Feminist Song
25%
Victorious 2.0: More Music from the Hit TV Show5 Fingaz To The Face
13%
Single (Lil Dicky)Ariana Grande
13%
The Divine Feminine (Mac Miller)Congratulations
13%
SingleDie In Your Arms
13%
Victorious 3.0: Even More Music from the Hit TV ShowDon't You (Forget About Me)
13%
Victorious: Music from the Hit TV ShowI Want You Back
13%
SingleKnew Better Part Two
13%
Victorious: Music from the Hit TV ShowLeave It All To Shine
13%
Unfinished Business (Nathan Sykes) [feature]Over And Over Again (Remix)
13%
Metro Hearts (Leon Thomas III) [feature]Take Care
13%
SingleVoodoo Love
13%

Score Distribution

Percentile by Number Answered

Percent of People with Each Score

Your Score History

You have not taken this quiz since the last reset